000 00521nam a2200181Ia 4500
999 _c29133
_d29133
003 OSt
005 20201224130922.0
008 190216s9999||||xx |||||||||||||| ||und||
020 _a9788124017210
040 _coclc
082 _a894.8129
_bNAR/M
100 _aNarayanan, Mandakini
_97862
245 0 _aMarikkatha Thalukal /
_cMandakini Narayanan
260 _bCurrent Books,
_aKottayam:
_c2007.
300 _a177p
650 _aOormakurip
942 _cBK
_2ddc
_h894.8129
_iNAR/M
_k894.8129
_mNAR/M